| 000 | 00438nam a2200133 a 4500 | ||
|---|---|---|---|
| 008 | 120416s1981 ||||||||||||||||| || u | ||
| 050 | _aPR 9199.3 Ber | ||
| 100 | _aBeresford, Elisabeth | ||
| 245 | 1 | 4 | _aThe four of us |
| 260 |
_aLondon _bHutchinson _c1981 |
||
| 300 | _a112p. : ill. | ||
| 350 | _a0.00 | ||
| 995 |
_D0.00 _FCBU-MAIN LIBRARY (Kitwe) _H1 _I0.00 _M1 _UAVAILABLE _ZFiction Collection |
||
| 999 |
_c43927 _d43927 |
||